| 000 | 01101cam a22001814a 4500 | ||
|---|---|---|---|
| 005 | 20250605164336.0 | ||
| 008 | 250528s ||||||||||||||||||||||||d | ||
| 035 | _a23433 | ||
| 040 |
_aGR-AtMCL _bgre _dGR-AtMCL _eAACR2 |
||
| 245 | 1 | _aAdapting the Reggio Emilia Approach in the Greek Kindergarten/Teachers' Perceptions and Practices: BA (Hons Early Childhood Studies | |
| 300 | _a89 | ||
| 520 | _aAbbreviations, Outline of Research, Review of Literature, Introduction to the Reggio Emilia Approach - Historical Background, Philosophy and Influences, Principles of the Reggio Emilia Approach, Reggio Emilia in Practice, Rationale of the Present Study, Methodology, Qualitatice vs. Quantitative Method, Research Tool, Population and Sampling, Ethical Considerations, Procedure, The Reggio Inspired School, Teaching and Learning, Benefits, Challenges, Analysis and Discussion, Summary and Conclusion, Critical Reflection on Findings, List of References, Appendices. | ||
| 700 | 1 |
_aGemeliari Dafni _98996 |
|
| 700 | 1 |
_aKoutsoupidou Theano _98997 |
|
| 942 | _cDS | ||
| 999 |
_c8443 _d8443 |
||